000
00362nam a2200145 a 4500
005
20140414131906.0
008
100922s19uu xx 00 eng d
050
_a
FIC
_b
W69 2000
100
_a
Willson, Sarah
245
_a
Prince Chuckie.
260
_a
New York :
_b
Nickelodeon,
_c
2001.
440
_a
Rugrats chapter book
999
_c
110947
_d
110947